000 01286cam a22003255i 4500
001 3574565
003 EG-ScBUE
005 20250219100123.0
008 990218t1999 riua f b 101 0 eng d
020 _a0821809296
020 _a9780821809297
040 _aEG-ScBUE
_beng
_erda
_cEG-ScBUE
_dEG-ScBUE
_dEG-ScBUE
082 0 4 _a515.35
_222
_bANA
245 0 0 _aAnalyzing multiscale phenomena using singular perturbation methods :
_bAmerican Mathematical society short course, January 5-6, 1998, Baltimore, Maryland /
_cJane Cronin, Robert E. O'Malley, editors.
264 1 _aProvidence, Rhode Island :
_bAmerican Mathematical Society,
_c[1999]
264 4 _cc1999
300 _ax,187 pages :
_billustrations ;
_c26 cm.
336 _2rdacontent
_atext
_btxt
337 _aunmediated
_2rdamedia
_bn
338 _avolume
_bnc
_2rdacarrier
490 0 _aProceedings of symposia in applied mathematics ;
_vvolume 56
504 _aIncludes bibliographical references and index.
650 7 _aSingular perturbations (Mathematics)
_vCongresses.
_2BUEsh
650 7 _aDifferentiable dynamical systems
_vCongresses.
_2BUEsh
653 _bGGEN
_cFebruary2018
655 _vReading book
700 1 _aCronin, Jane,
_d1922-
_eeditor.
700 1 _aO'Malley, Robert E.,
_eeditor.
942 _2ddc
_cBB
999 _c26120
_d26092